Soil mechanics and foundation engineering : proceedings of the sixth Regional Conference for Africa, Durban, 1975 /

Bibliographic Details
Corporate Author: Regional Conference for Africa Durban
Other Authors: Pells, P. J. N., Robertson, A. Mac G.
Format: Conference Proceeding Book
Language:English
Published: Cape Town : A. A. Balkema, 1975-1976.
Subjects:

MARC

Tag First Indicator Second Indicator Subfields
LEADER 00000cam a2200000 i 4500
001 in00000042884
005 20151007064918.0
008 760803m19751976sa a b 10010 eng
010 |a  76369464  
015 |a SA*** 
020 |a 0869610732 (v. 1) 
020 |a 0869610856 (set) 
020 |a 0869610848 (v.2) 
035 |a (OCoLC)02930555 
035 |9 AAE0875AM 
040 |a DLC  |c DLC  |d TXA  |d UtOrBLW 
041 0 |a eng  |b fre 
049 |a TXAM  |v 1 [1160101]  |v 2 [1160102] 
050 0 0 |a TA710.A1  |b R43 1975 
082 0 |a 624/.15 
111 2 |a Regional Conference for Africa  |n (6th :  |d 1975 :  |c Durban) 
245 1 0 |a Soil mechanics and foundation engineering :  |b proceedings of the sixth Regional Conference for Africa, Durban, 1975 /  |c technical editors, P. J. N. Pells, A. Mac G. Robertson. 
264 1 |a Cape Town :  |b A. A. Balkema,  |c 1975-1976. 
300 |a 2 volumes :  |b illustrations ;  |c 29 cm. 
336 |a text  |b txt  |2 rdacontent 
337 |a unmediated  |b n  |2 rdamedia 
338 |a volume  |b nc  |2 rdacarrier 
500 |a Summaries in French. 
504 |a Includes bibliographical references. 
650 0 |a Soil mechanics  |v Congresses. 
650 0 |a Foundations  |v Congresses. 
700 1 |a Pells, P. J. N. 
700 1 |a Robertson, A. Mac G. 
999 |a MARS 
999 f f |s 53dc9a33-c8f4-32a1-94f9-01a76235c305  |i db05d8e0-d1a9-3c1a-aed7-54937a10024c  |t 0 
952 f f |p normal  |a Texas A&M University  |b College Station  |c Sterling C. Evans Library  |d Evans: Library Stacks  |t 0  |e TA710.A1 R43 1975  |h Library of Congress classification  |i unmediated -- volume  |k v.1  |m A14805340436 
952 f f |p normal  |a Texas A&M University  |b College Station  |c Sterling C. Evans Library  |d Evans: Library Stacks  |t 0  |e TA710.A1 R43 1975  |h Library of Congress classification  |i unmediated -- volume  |k v.2  |m A14805340444 
998 f f |a TA710.A1 R43 1975  |s v.1-v.2  |t 0  |l Evans: Library Stacks